[Event "Capablanca Memorial op 50th"]
[Site "Havana"]
[Date "2015.06.15"]
[Round "1"]
[White "Leon Oquendo, Jorge L"]
[Black "Gomez Garrido, Camilo Ernesto"]
[Result "1-0"]
[WhiteElo "2352"]
[BlackElo "2519"]
[PlyCount "61"]
[EventDate "2015.06.15"]
[EventType "swiss"]
[EventRounds "10"]
[EventCountry "CUB"]
[SourceTitle "EXT 2016"]
[Source "ChessBase"]
[SourceDate "2015.10.08"]
[SourceVersion "1"]
[SourceVersionDate "2015.10.08"]
[SourceQuality "1"]

1. d4 d5 2. c4 c6 3. Nf3 Nf6 4. e3 a6 5. Bd3 Bg4 6. Qb3 Bxf3 7. gxf3 Qc7 8. Nc3 e6 9. Bd2 Nbd7 10. Rc1 dxc4 11. Bxc4 Be7 12. f4 0-0 13. 0-0 Rac8 14. a4 Qb8 15. a5 Kh8 16. Kh1 c5 17. d5 b5 18. axb6 Nxb6 19. dxe6 Nxc4 20. Qxc4 Qxb2 21. Rfd1 Rfd8 22. Be1 Qb7+ 23. Kg1 Qf3 24. exf7 Qh3 25. Qxa6 Ng4 26. Qe6 Qxh2+ 27. Kf1 Qh1+ 28. Ke2 Qh5 29. Rd5 Ne5+ 30. Kd2 Nxf7 31. Qxc8 1-0

[Event "CUB-ch U18"]
[Site "San Nicolas de Bari"]
[Date "2012.04.18"]
[Round "8"]
[White "Leon Oquendo, Jorge L"]
[Black "Oliva Castaneda, Kevel"]
[Result "0-1"]
[WhiteElo "2100"]
[BlackElo "2355"]
[PlyCount "81"]
[EventDate "2012.04.15"]
[EventType "swiss"]
[EventRounds "9"]
[EventCountry "CUB"]
[SourceTitle "CBM 148 Extra"]
[Source "ChessBase"]
[SourceDate "2012.06.22"]
[SourceVersion "1"]
[SourceVersionDate "2012.06.22"]
[SourceQuality "1"]

1. d4 Nf6 2. Nf3 g6 3. c4 Bg7 4. Nc3 0-0 5. Bg5 h6 6. Bh4 c5 7. d5 d6 8. e3 Qa5 9. Qd2 a6 10. Bd3 b5 11. 0-0 bxc4 12. Bxc4 Nbd7 13. Bb3 Rb8 14. Qe2 Qb4 15. Rab1 g5 16. Bg3 Nh5 17. Bc2 Nxg3 18. hxg3 f5 19. Rfc1 Qg4 20. Qd3 Qh5 21. Bd1 g4 22. Ne1 Qg5 23. Qe2 Ne5 24. Nd3 Nxd3 25. Qxd3 h5 26. b3 Rf6 27. Bc2 Rh6 28. Ne2 h4 29. Nf4 Be5 30. b4 Rh8 31. bxc5 dxc5 32. d6 Rxb1 33. Rxb1 Bxd6 34. Bb3+ Kg7 35. Qd5 Rf8 36. gxh4 Qxh4 37. g3 Qh3 38. Nd3 Rd8 39. Rd1 e6 40. Qc6 Rh8 41. Qg2 0-1

[Event "CUB-ch U18"]
[Site "San Nicolas de Bari"]
[Date "2012.04.17"]
[Round "6"]
[White "Leon Oquendo, Jorge L"]
[Black "Pomares Diaz, Manuel Alejandro"]
[Result "0-1"]
[WhiteElo "2100"]
[BlackElo "2225"]
[PlyCount "72"]
[EventDate "2012.04.15"]
[EventType "swiss"]
[EventRounds "9"]
[EventCountry "CUB"]
[SourceTitle "CBM 148 Extra"]
[Source "ChessBase"]
[SourceDate "2012.06.22"]
[SourceVersion "1"]
[SourceVersionDate "2012.06.22"]
[SourceQuality "1"]

1. d4 d5 2. c4 c6 3. Nc3 Nf6 4. cxd5 cxd5 5. Bf4 Nc6 6. e3 a6 7. Bd3 e6 8. Rc1 Be7 9. Nf3 0-0 10. Ne5 Nd7 11. Bb1 f6 12. Qd3 f5 13. 0-0 Ndxe5 14. Bxe5 Bd7 15. a3 Rc8 16. Ba2 Kh8 17. Rc2 Nxe5 18. dxe5 Qc7 19. Qd4 Bc5 20. Qf4 Ba7 21. Bb1 Qb8 22. Rfc1 Rc4 23. Qg5 Re8 24. Ba2 Rg4 25. Qh5 Qxe5 26. Ne2 g6 27. Qh6 Bc6 28. h3 Re4 29. Nf4 Qf6 30. Rxc6 bxc6 31. Rxc6 Bb8 32. Bxd5 Bxf4 33. exf4 Re1+ 34. Kh2 Qd8 35. Bf3 a5 36. Ra6 Rb1 0-1